<The> effect of subsidies on the efficiency of farms in the Liberecký region

Parametrická metóda - analýza stochastickej hranice. Problém motivácie fariem dosahovať efektívnu produkciu a alokáciu pri čerpaní dotácií.

Gespeichert in:
Bibliographische Detailangaben
1. Verfasser: Pechrová, Marie
Format: Buchkapitel
Sprache:Englisch
Schlagworte:
Tags: Tag hinzufügen
Keine Tags, Fügen Sie das erste Tag hinzu!

MARC

LEADER 00000naa a2200000 4500
001 0200369
005 20231204091721.7
041 0 |a eng 
044 |a CZ 
245 1 0 |a <The> effect of subsidies on the efficiency of farms in the Liberecký region  |c Marie Pechrová 
520 |a Parametrická metóda - analýza stochastickej hranice. Problém motivácie fariem dosahovať efektívnu produkciu a alokáciu pri čerpaní dotácií. 
610 2 0 |a dotácie 
610 2 0 |a efektívnosť techniky 
610 2 0 |a analýzy 
610 2 0 |a modelovanie finančné 
100 1 |a Pechrová, Marie